Entry Personal Name
Number of records used in: 1
001 - CONTROL NUMBER
003 - CONTROL NUMBER IDENTIFIER
005 - DATE AND TIME OF LATEST TRANSACTION
- control field:
20231227153108.0
008 - FIXED-LENGTH DATA ELEMENTS
- fixed length control field:
811105n| azannaabn |a aaa
010 ## - LIBRARY OF CONGRESS CONTROL NUMBER
- LC control number:
n 81076469
035 ## - SYSTEM CONTROL NUMBER
- System control number:
(OCoLC)oca00621751
040 ## - CATALOGING SOURCE
- Original cataloging agency:
DLC
- Language of cataloging:
eng
- Description conventions:
rda
- Transcribing agency:
DLC
- Modifying agency:
DLC
- Modifying agency:
InU
- Modifying agency:
OCoLC
- Modifying agency:
DLC
046 ## - SPECIAL CODED DATES
- Birth date:
1907
- Death date:
1987
- Source of date scheme:
edtf
053 #0 - LC CLASSIFICATION NUMBER
- Classification number element--single number or beginning number of span:
PK2098.V3
100 1# - HEADING--PERSONAL NAME
- Personal name:
Varmā, Mahādevī,
- Dates associated with a name:
1907-1987
400 1# - SEE FROM TRACING--PERSONAL NAME
- Personal name:
Varma, Maha Devi,
- Dates associated with a name:
1907-1987
400 1# - SEE FROM TRACING--PERSONAL NAME
- Personal name:
Verma, Mahadevi,
- Dates associated with a name:
1907-1987
400 0# - SEE FROM TRACING--PERSONAL NAME
- Personal name:
Mahādevī Varmā,
- Dates associated with a name:
1907-1987
400 0# - SEE FROM TRACING--PERSONAL NAME
- Personal name:
Mahādevī,
- Dates associated with a name:
1907-1987
670 ## - SOURCE DATA FOUND
- Source citation:
Author's Dīpa śikhā, 1946.
670 ## - SOURCE DATA FOUND
- Source citation:
Nilāmbarā, 1992: t.p. (Mahādevī)
670 ## - SOURCE DATA FOUND
- Source citation:
IiNdDKA files:
- Information found:
(Verma, Mahadevi, 1907-1987)
670 ## - SOURCE DATA FOUND
- Source citation:
LC database, May 27, 2006
- Information found:
(usage: Mahādevī Varmā)